Orígenes y destino de Navarra (Record no. 137414)

MARC details
000 -LEADER
campo de control de longitud fija 00764nam a2200229 i 4500
001 - NÚMERO DE CONTROL
campo de control 137414
003 - IDENTIFICADOR DE NÚMERO DE CONTROL
campo de control ES-MaACL
005 - FECHA Y HORA DE LA ÚLTIMA TRANSACCIÓN
campo de control 20231228203846.0
007 - CAMPO FIJO DE DESCRIPCIÓN FÍSICA--INFORMACIÓN GENERAL
campo de control de longitud fija t|
008 - DATOS DE LONGITUD FIJA--INFORMACIÓN GENERAL
campo de control de longitud fija 070214s1984 sp f |||| | spa d
100 1# - ENTRADA PRINCIPAL--NOMBRE DE PERSONA
Nombre de persona Sánchez-Albornoz, Claudio,
Fechas asociadas al nombre 1893-1984
9 (RLIN) 102440
245 10 - MENCIÓN DEL TÍTULO
Título Orígenes y destino de Navarra
Resto del título ; Trayectoria histórica de Vasconia ; Otros escritos /
Mención de responsabilidad, etc. Claudio Sánchez-Albornoz.
246 30 - FORMA VARIANTE DEL TITULO
Título propio/Titulo breve Trayectoria histórica de Vasconia
250 ## - MENCION DE EDICION
Mención de edición 1ª ed.
260 ## - PUBLICACIÓN, DISTRIBUCIÓN, ETC.
Lugar de publicación, distribución, etc. Barcelona :
Nombre del editor, distribuidor, etc. Planeta,
Fecha de publicación, distribución, etc. 1984.
300 ## - DESCRIPCIÓN FÍSICA
Extensión 175 p., 1 lám. ;
Dimensiones 20 cm.
490 1# - MENCIÓN DE SERIE
Mención de serie Ensayo ;
Designación de volumen o secuencia 30
651 #4 - PUNTO DE ACCESO ADICIONAL DE MATERIA--NOMBRE GEOGRÁFICO
Nombre geográfico Navarra (Comunidad Autónoma)-
Subdivisión general Historia.
9 (RLIN) 9101
830 0# - PUNTO DE ACCESO ADICIONAL DE SERIE-TÍTULO UNIFORME
Título uniforme Ensayo ;
Designación de volumen o secuencia 30
9 (RLIN) 177699
852 ## - LOCALIZACIÓN
Ubicación ES-MaACL
Número de control de estantería L-5628
Holdings
Estatus retirado Estado de pérdida Estado de daño No para préstamo Biblioteca de origen Biblioteca actual Ubicación en estantería Fecha de adquisición Fuente de adquisición Total de préstamos Signatura topográfica completa Código de barras Visto por última vez Precio de reemplazo Tipo de ítem Koha
        Biblioteca del Ateneo de Madrid Biblioteca del Ateneo de Madrid Depósito 2 17/01/2008     L-5628 1142998 23/02/2023 23/02/2023 Libro impreso